Access 2013 podrobná uživatelská příručka
Salvato in:
| Autore principale: | |
|---|---|
| Altri autori: | |
| Natura: | Libro |
| Lingua: | ceco |
| Pubblicazione: |
Brno
Computer Press/ Albatros Media
2014
|
| Serie: | Microsoft
|
| Soggetti: | |
| Tags: |
Nessun Tag, puoi essere il primo ad aggiungerne!!
|
MARC
| LEADER | 00000nam a2200000 4500 | ||
|---|---|---|---|
| 001 | 0194257 | ||
| 005 | 20240315114344.9 | ||
| 020 | |a 978-80-251-4125-0 | ||
| 041 | 0 | |a cze | |
| 044 | |a CZ | ||
| 245 | 1 | 0 | |a Access 2013 |b podrobná uživatelská příručka |c Peter Belko ; překlad: Martin Herodek |
| 264 | 1 | |a Brno |b Computer Press/ Albatros Media |c 2014 | |
| 300 | |a 392 s. | ||
| 490 | 1 | |a Microsoft | |
| 830 | 0 | |a Microsoft | |
| 610 | 2 | 0 | |a spracovanie dát |
| 610 | 2 | 0 | |a softvér |
| 100 | 1 | |a Belko, Peter | |
| 700 | 1 | |a Herodek, Martin | |